01059cam a22002651 450000100060000000300080000600500170001400800390003103500190007003500190008904000230010804100080013108200150013924501000015426001010025430000470035541000760040250000640047850000750054250400330061765000260065065000300067665000320070670000550073820459BD-RjUL20211209000552.0140301s1936 enkh b 000 0 eng a(BD-RjUL)20521 a(OCoLC)4356381 aDLCcCCCdDLCbeng aeng a208.1bSPE00aSpeculum sacerdotale /cedited from British Museum ms. Additional 36791 by Edward H. Weatherly. aLondon :bPub. for the Early English Text Society by H. Milford, Oxford University Press,c1936. axliv, 292 p. :bfront. (facsim.) ;c23 cm.20aEarly English Text Society.tOriginal series,vno. 200. 1936 (for 1935) aA collection of fifteenth century English festival sermons. aEarly English Text Society's list of publications, etc. (8 p.) at end. aBibliography: p. [xiii]-xiv. 0aFestival-day sermons. 0aSermons, English (Middle) 0aSermons, MedievalzEngland.1 aWeatherly, Edward H.q(Edward Howell),d1905-eed.